000 00845nam a22002897a 4500
001 BR7909284
003 BR-BrBNA
005 20230928090452.0
007 ta
008 230509b bl.||||| |||| 00| 0 por d
040 _aBR-BrBNA
_bpor
_cBiblioteca Nacional de Agricultura
041 _a(Por)
072 _aE71; F01
_b1126
_b/G514
090 _ 1126 BR7909284
110 1 _aSEMA Marketing, Paris (France)
_99258
245 1 _aO mercado internacional de produtos agropecuarios abacaxi fresco e transformado. Perspectivas de exportacao para o Brasil
260 3 _aParis (France):
_c1979.
300 _a204 p.
500 _a103 tables; 23 graphs
650 _aCOMERCIO EXTERIOR
650 _aEXPORTACAO
650 _aABACAXI
650 _aPRECO
650 _aPRODUCAO VEGETAL
909 _a202309
_bLucia
_c55
_dLucia Elande
942 _cBK
999 _c28968
_d28968